000 00408nam a2200145Ia 4500
008 240729s9999 xx 000 0 und d
022 _a2688-0261
245 0 _aJournal of Participatory Research Methods
260 _aUnited States
260 _bUniversity of Cincinnati
650 _aSocial Sciences
856 _uhttps://doaj.org/toc/e3de869164244eda93a1497442ec37ac
942 _2ddc
942 _cDOAJEJ
999 _c68409
_d68409
945 _a1
_bMadushi Gamage
_c1
_dMadushi Gamage